00473nam a2200145Ia 4500008004100000024001600041082001600057100001700073245003000090260002500120600002100145650003800166952010600204999001700310250506s9999 xx 000 0 und d a00B-20-BCS3 a005.072 KAM aKamran Iqbal 0aLibrary Management System aKarachi:bUIT,c2000 aComputer Science aBachelor of Computer Science (BS) 001040708PR-CSaUITUbUITUd2022-07-26l0o005.072 KAMpBS-37r2025-05-06 11:34:36w2025-05-06yPR c28735d28735